1006 1262 1459 1163 1295 1572 1250 1241 1697 1345 1204 1532 1215 1512 1897 1183 1822 1726 1134 1655 1541 1471 1224 1098 1557 1891 1817 1550 1192 1516 1440 1992 1144 1543 1606 1709 1426 1938 1893 1570 1479 1209 1885 1327 1821 1166 1542 1523 1875 1965 1263 1628 1853 1339 1601 1194 1370 1375 1162 1332 1544 1245 1657 1772 1834 1013 1409 1786 1205 1006 1033 1886 1604 1660 1963 1751 1491 1593 1764 1681 1100 1694 1334 1772 1604 1346 1980 1042 1493 1350 1694 1962 1096 1334 1920 1456 1708 1530 1629 BCNSPRNW ULIB Ver.6.0+V

เปลี่ยนเป็นภาษาไทย

Change to English
 แสดงรายละเอียดบรรณานุกรม
  กลับหน้าหลัก

Brief Record : Get Marc (ISO 2709) : E-mail record : QR code < ปิดหน้าต่าง
LEADER : 00000nam 2200000uu 4500
001    13399108434
003     ULIB
008    110203s2544||||th 000 0 tha d
020    9746112791(ล.2)
060  4 WY106^bม719ก ล.2 2544
110 1  มหาวิทยาลัยสุโขทัยธรรมาธิราช^bสาขาวิชาวิทยาศาสตร์สุขภาพ
245 00 เอกสารการสอนชุดวิชา กรณีเลือกสรรการพยาบาลอนามัยชุมชน หน่วยที่8-15=^bSelected case study on community health nursing /^cมหาวิทยาลัยสุโขทัยธรรมาธิราช
246 0  Selected case study on community health nursing
250    พิมพ์ครั้งที่ 15
260    นนทบุรี:^bศูนย์หนังสือมหาวิทยาลัยสุโขทัยธรรมาธิราช,^c2544
300    438 หน้า
650  7 อนามัยชุมชน^xการพยาบาล
650  7 อนามัยชุมชน^xการบริการ
945    ^p0^l0^i018931
995    ทศพร
999 ^a ใช้งานได้ทุกระบบ
รายการนี้ยังไม่มีแท็ก
คุณยังไม่ได้ล็อกอิน คุณสามารถมีกิจกรรมร่วมกับเว็บไซต์ได้ แต่ต้องล็อกอินก่อน ::
  ล็อกอิน

รายการสื่อสารสนเทศ

ลำดับที่ ประเภท เลขเรียก/บาร์โค้ด สถานที่ สถานะ
- ไม่พบข้อมูล -

รายการใกล้เคียง
    หัวเรื่อง [อนามัยชุมชน การพยาบาล]

BibComment


ยังไม่เคยถูกคอมเมนท์

คอมเมนท์ทรัพยากรรายการนี้
  คอมเมนท์: เอกสารการสอนชุดวิ..


 Copyright 2026. Bcnsprnw @Library